000 00720nam a2200181Ia 4500
008 100920s9999 xx 000 0 und d
082 _b62928
_a61 थ 60
100 _aअमरेंद्र.
245 _aभवभूति-कृत महावीचरित.
260 _bवोरा ऍण्ड कंपनी पब्लिशर्स प्रा. लि., मंुबई 2.
_c1960
300 _a32
_bसाधी
365 _b0.37
520 _aस्थानिक वाचन.
630 _aभवभूति-कृत महावीचरित.
650 _aस्थानिक वाचन.
730 _aभवभूति-कृत महावीचरित.
942 _cBOOK
999 _c706015
_d706012